[Event "Stay Safe Play From Home 174"]
[Site "T#646332Emanuel Laske"]
[Date "2020.05.25"]
[Round "6"]
[White "matanant"]
[Black "Chase the sun"]
[Result "1-0"]
[WhiteElo "1712"]
[BlackElo "1938"]
[PlyCount "73"]
[EventDate "2020.05.25"]
[EventType "swiss (blitz)"]

1. b3 {[%emt 0:00:02]} e6 {[%emt 0:00:03]} 2. Bb2 {[%emt 0:00:00]} f5 {[%emt 0:00:01]} 3. e3 {[%emt 0:00:00]} Nf6 {[%emt 0:00:01]} 4. f4 {[%emt 0:00:00]} Be7 {[%emt 0:00:01]} 5. Nf3 {[%emt 0:00:00]} O-O {[%emt 0:00:01]} 6. Be2 {[%emt 0:00:00]} Qe8 {[%emt 0:00:01]} 7. O-O {[%emt 0:00:00]} d6 {[%emt 0:00:01]} 8. c4 {[%emt 0:00:01]} Nc6 {[%emt 0:00:01]} 9. d4 {[%emt 0:00:00]} Bd8 {[%emt 0:00:01]} 10. Nbd2 {[%emt 0:00:04]} Ne7 {[%emt 0:00:02]} 11. Qc2 {[%emt 0:00:01]} c6 {[%emt 0:00:01]} 12. Bd3 {[%emt 0:00:02]} Bc7 {[%emt 0:00:01]} 13. g3 {[%emt 0:00:07]} Ng6 {[%emt 0:00:02]} 14. e4 {[%emt 0:00:02]} Ng4 {[%emt 0:00:06]} 15. Rae1 {[%emt 0:00:03]} fxe4 {[%emt 0:00:04]} 16. Nxe4 {[%emt 0:00:08]} d5 {[%emt 0:00:09]} 17. Neg5 {[%emt 0:00:02]} Bd7 {[%emt 0:00:18]} 18. Bxg6 {[%emt 0:00:03]} Qxg6 {[%emt 0:00:01]} 19. Qxg6 {[%emt 0:00:02]} hxg6 {[%emt 0:00:00]} 20. Nxe6 {[%emt 0:00:02]} Bxe6 {[%emt 0:00:02]} 21. Rxe6 {[%emt 0:00:01]} Rae8 {[%emt 0:00:03]} 22. Rfe1 {[%emt 0:00:02]} Ba5 {[%emt 0:00:18]} 23. Rxe8 {[%emt 0:00:03]} Bxe1 {[%emt 0:00:01]} 24. Rxe1 {[%emt 0:00:03]} Nf6 {[%emt 0:00:02]} 25. Re7 {[%emt 0:00:08]} Ne4 {[%emt 0:00:04]} 26. Rxb7 {[%emt 0:00:09]} Re8 {[%emt 0:00:03]} 27. Ne5 {[%emt 0:00:02]} g5 {[%emt 0:00:03]} 28. f5 {[%emt 0:00:04]} g4 {[%emt 0:00:07]} 29. Rxa7 {[%emt 0:00:06]} Rf8 {[%emt 0:00:03]} 30. Nxg4 {[%emt 0:00:07]} Rxf5 {[%emt 0:00:02]} 31. Kg2 {[%emt 0:00:02]} Nd2 {[%emt 0:00:08]} 32. cxd5 {[%emt 0:00:05]} cxd5 {[%emt 0:00:00]} 33. Bc1 {[%emt 0:00:05]} Ne4 {[%emt 0:00:05]} 34. Bf4 {[%emt 0:00:02]} g5 {[%emt 0:00:03]} 35. Be5 {[%emt 0:00:02]} Nc3 {[%emt 0:00:04]} 36. a4 {[%emt 0:00:04]} Rf7 {[%emt 0:00:06]} 37. Nh6+ {[%emt 0:00:01] Chase the sun gibt auf (Lag: Av=0.72s, max=1.4s)} 1-0

[Event "Stay Safe Play From Home 174"]
[Site "T#646332Emanuel Laske"]
[Date "2020.05.25"]
[Round "6"]
[White "Justwatch"]
[Black "Tunca"]
[Result "0-1"]
[WhiteElo "1475"]
[BlackElo "1778"]
[Annotator "NA"]
[PlyCount "48"]
[EventDate "2020.05.25"]
[EventType "swiss (blitz)"]

1. e4 {[%emt 0:00:01]} Nf6 {[%emt 0:00:06]} 2. e5 {[%emt 0:00:01]} Nd5 {[%emt 0:00:01]} 3. Nc3 {[%emt 0:00:01]} Nxc3 {[%emt 0:00:02]} 4. dxc3 {[%emt 0:00:00]} d6 {[%emt 0:00:00]} 5. exd6 {[%emt 0:00:01]} cxd6 {[%emt 0:00:00]} 6. Nf3 {[%emt 0:00:00]} g6 {[%emt 0:00:02]} 7. Bd3 {[%emt 0:00:01]} Bg7 {[%emt 0:00:00]} 8. Bg5 {[%emt 0:00:01]} Nc6 {[%emt 0:00:00]} 9. O-O {[%emt 0:00:01]} O-O {[%emt 0:00:00]} 10. h3 {[%emt 0:00:00]} Re8 {[%emt 0:00:01]} 11. Qc1 {[%emt 0:00:01]} Qa5 {[%emt 0:00:02]} 12. Bh6 {[%emt 0:00:01]} Bh8 {[%emt 0:00:02]} 13. Qf4 {[%emt 0:00:04]} Ne5 {[%emt 0:00:03]} 14. Ng5 {[%emt 0:00:01]} Bf6 {[%emt 0:00:46]} 15. Ne4 {[%emt 0:00:08]} Bg7 {[%emt 0:00:02]} 16. Rfe1 {[%emt 0:00:03]} Nxd3 {[%emt 0:00:03]} 17. cxd3 {[%emt 0:00:01]} Bf5 {[%emt 0:00:02]} 18. d4 {[%emt 0:00:07]} e5 {[%emt 0:00:07]} 19. d5 {[%emt 0:00:02]} Qxd5 {[%emt 0:00:07]} 20. Qh4 {[%emt 0:00:04]} Bxe4 {[%emt 0:00:04]} 21. Rxe4 {[%emt 0:00:02]} Bxh6 {[%emt 0:00:02]} 22. Rae1 {[%emt 0:00:06]} Bg7 {[%emt 0:00:01]} 23. Rb4 {[%emt 0:00:02]} f5 {[%emt 0:00:02]} 24. Rxb7 {[%emt 0:00:03]} Qxb7 {[%emt 0:00:01] Justwatch terk eder (Lag: Av=0.43s, max=1.0s)} 0-1

[Event "Stay Safe Play From Home 174"]
[Site "T#646332Emanuel Laske"]
[Date "2020.05.25"]
[Round "6"]
[White "Aktürk"]
[Black "ritwik chess"]
[Result "0-1"]
[WhiteElo "1454"]
[BlackElo "1417"]
[Annotator "NA"]
[PlyCount "66"]
[EventDate "2020.05.25"]
[EventType "swiss (blitz)"]

1. e3 {[%emt 0:00:01]} e5 {[%emt 0:00:02]} 2. Qf3 {[%emt 0:00:01]} Nc6 {[%emt 0:00:02]} 3. Nc3 {[%emt 0:00:01]} Nf6 {[%emt 0:00:01]} 4. b3 {[%emt 0:00:02]} Be7 {[%emt 0:00:02]} 5. Bb2 {[%emt 0:00:01]} O-O {[%emt 0:00:02]} 6. h4 {[%emt 0:00:03]} d6 {[%emt 0:00:01]} 7. h5 {[%emt 0:00:02]} h6 {[%emt 0:00:01]} 8. Be2 {[%emt 0:00:05]} Bg4 {[%emt 0:00:02]} 9. Qg3 {[%emt 0:00:04]} Bxe2 {[%emt 0:00:05]} 10. Ngxe2 {[%emt 0:00:02]} Kh8 {[%emt 0:00:02]} 11. Nd1 {[%emt 0:00:04]} Qd7 {[%emt 0:00:04]} 12. f4 {[%emt 0:00:05]} exf4 {[%emt 0:00:05]} 13. Nxf4 {[%emt 0:00:04]} Qg4 {[%emt 0:00:02]} 14. Qxg4 {[%emt 0:00:12]} Nxg4 {[%emt 0:00:00]} 15. Nf2 {[%emt 0:00:02]} Nxf2 {[%emt 0:00:02]} 16. Kxf2 {[%emt 0:00:02]} Ne5 {[%emt 0:00:01]} 17. Bxe5 {[%emt 0:00:05]} dxe5 {[%emt 0:00:00]} 18. Nd5 {[%emt 0:00:01]} Bd6 {[%emt 0:00:02]} 19. e4 {[%emt 0:00:05]} c6 {[%emt 0:00:01]} 20. Nc3 {[%emt 0:00:04]} Rad8 {[%emt 0:00:02]} 21. d3 {[%emt 0:00:02]} Bc5+ {[%emt 0:00:02]} 22. Kf3 {[%emt 0:00:03]} Bd4 {[%emt 0:00:00]} 23. a4 {[%emt 0:00:05]} Bxc3 {[%emt 0:00:01]} 24. Ra2 {[%emt 0:00:09]} f5 {[%emt 0:00:02]} 25. Rh4 {[%emt 0:00:13]} fxe4+ {[%emt 0:00:02]} 26. Kxe4 {[%emt 0:00:01]} Rd4+ {[%emt 0:00:02]} 27. Ke3 {[%emt 0:00:06]} Rxh4 {[%emt 0:00:00]} 28. g3 {[%emt 0:00:01]} Rh3 {[%emt 0:00:01]} 29. Ke4 {[%emt 0:00:05]} Rxg3 {[%emt 0:00:02]} 30. d4 {[%emt 0:00:02]} Bxd4 {[%emt 0:00:02]} 31. c3 {[%emt 0:00:02]} Bxc3 {[%emt 0:00:03]} 32. Rc2 {[%emt 0:00:03]} Bd4 {[%emt 0:00:00]} 33. b4 {[%emt 0:00:13]} Rf4# {[%emt 0:00:00] (Lag: Av=1.13s, max=2.3s)} 0-1

[Event "Stay Safe Play From Home 174"]
[Site "T#646332Emanuel Laske"]
[Date "2020.05.25"]
[Round "7"]
[White "Don59as"]
[Black "Patzeroglu"]
[Result "1-0"]
[WhiteElo "2097"]
[BlackElo "1870"]
[Annotator "NA"]
[PlyCount "87"]
[EventDate "2020.05.25"]
[EventType "swiss (blitz)"]

1. c4 {[%emt 0:00:01]} Nf6 {[%emt 0:00:04]} 2. Nc3 {[%emt 0:00:01]} e6 {[%emt 0:00:01]} 3. e4 {[%emt 0:00:01]} d5 {[%emt 0:00:16]} 4. cxd5 {[%emt 0:00:01]} exd5 {[%emt 0:00:11]} 5. e5 {[%emt 0:00:01]} d4 {[%emt 0:00:01]} 6. Nb5 {[%emt 0:00:01]} a6 {[%emt 0:00:15]} 7. exf6 {[%emt 0:00:16]} axb5 {[%emt 0:00:02]} 8. Bxb5+ {[%emt 0:00:04]} c6 {[%emt 0:00:01]} 9. fxg7 {[%emt 0:00:01]} Bxg7 {[%emt 0:00:01]} 10. Qe2+ {[%emt 0:00:03]} Be6 {[%emt 0:00:02]} 11. Bc4 {[%emt 0:00:02]} O-O {[%emt 0:00:03]} 12. Bxe6 {[%emt 0:00:04]} fxe6 {[%emt 0:00:00]} 13. d3 {[%emt 0:00:14]} Nd7 {[%emt 0:00:06]} 14. Nf3 {[%emt 0:00:02]} e5 {[%emt 0:00:13]} 15. O-O {[%emt 0:00:04]} Qf6 {[%emt 0:00:07]} 16. Ng5 {[%emt 0:00:07]} Nc5 {[%emt 0:00:12]} 17. b4 {[%emt 0:00:04]} Na4 {[%emt 0:00:03]} 18. Ne4 {[%emt 0:00:06]} Qg6 {[%emt 0:00:04]} 19. Bd2 {[%emt 0:00:05]} Kh8 {[%emt 0:00:32]} 20. Rac1 {[%emt 0:00:03]} Qe6 {[%emt 0:00:07]} 21. Rc2 {[%emt 0:00:06]} Rf5 {[%emt 0:00:02]} 22. f4 {[%emt 0:00:11]} Rg8 {[%emt 0:00:04]} 23. Nc5 {[%emt 0:00:16]} Nxc5 {[%emt 0:00:04]} 24. Rxc5 {[%emt 0:00:00]} Bh6 {[%emt 0:00:05]} 25. Rxe5 {[%emt 0:00:11]} Rxe5 {[%emt 0:00:02]} 26. fxe5 {[%emt 0:00:02]} Bxd2 {[%emt 0:00:02]} 27. Qxd2 {[%emt 0:00:03]} Qxe5 {[%emt 0:00:01]} 28. Qf4 {[%emt 0:00:02]} Qxf4 {[%emt 0:00:04]} 29. Rxf4 {[%emt 0:00:01]} Ra8 {[%emt 0:00:00]} 30. Rxd4 {[%emt 0:00:05]} Rxa2 {[%emt 0:00:02]} 31. Rd8+ {[%emt 0:00:01]} Kg7 {[%emt 0:00:01]} 32. Rd7+ {[%emt 0:00:00]} Kg6 {[%emt 0:00:03]} 33. Rxb7 {[%emt 0:00:01]} Rd2 {[%emt 0:00:00]} 34. Rd7 {[%emt 0:00:03]} Rb2 {[%emt 0:00:02]} 35. Rd4 {[%emt 0:00:01]} Kf5 {[%emt 0:00:02]} 36. h3 {[%emt 0:00:04]} h5 {[%emt 0:00:01]} 37. Kh2 {[%emt 0:00:03]} Kg5 {[%emt 0:00:01]} 38. Rc4 {[%emt 0:00:02]} h4 {[%emt 0:00:01]} 39. Rc5+ {[%emt 0:00:04]} Kf4 {[%emt 0:00:02]} 40. Rxc6 {[%emt 0:00:01]} Ke3 {[%emt 0:00:01]} 41. Rc4 {[%emt 0:00:02]} Kxd3 {[%emt 0:00:01]} 42. Rxh4 {[%emt 0:00:01]} Kc3 {[%emt 0:00:00]} 43. Rf4 {[%emt 0:00:01]} Rxg2+ {[%emt 0:00:00]} 44. Kxg2 {[%emt 0:00:01] Zeit '} 1-0

[Event "Stay Safe Play From Home 174"]
[Site "T#646332Emanuel Laske"]
[Date "2020.05.25"]
[Round "7"]
[White "Greblah"]
[Black "Lazieri3"]
[Result "1-0"]
[WhiteElo "1891"]
[BlackElo "2037"]
[Annotator "TA"]
[PlyCount "73"]
[EventDate "2020.05.25"]
[EventType "swiss (blitz)"]

{[%evp 12,73,24,9,29,6,22,-17,-20,-45,0,0,0,-20,0,-35,-35,-24,0,-133,-149,-403,-399,-405,-389,-393,-404,-368,-362,-314,0,11,18,28,45,61,247,233,243,242,302,301,545,158,207,0,559,555,619,620,602,595,620,608,573,454,725,701,850,848,833,825,1087,868]} 1. e4 c6 2. d4 d5 3. exd5 cxd5 4. Bd3 Nc6 5. c3 Nf6 6. Ne2 Bg4 7. O-O Bh5 {B13: Caro-Kann: Exchange Variation and Panov-Botvinnik Attack.} 8. Qe1 e6 {[#]} 9. f3 $146 ({Predecessor:} 9. Nf4 Bg6 10. Nxg6 hxg6 11. Nd2 g5 12. Nf3 g4 13. Ne5 Bd6 14. Qe2 Nd7 15. Bf4 {0-1 (31) Kobalia,M (2620)-Truskavetsky,A (2393) Sochi 2018}) 9... Bg6 {The position is equal.} 10. Nf4 Bxd3 (10... Bd6 $5 {[%cal Rd6f4]} 11. Nxg6 hxg6 $11) 11. Nxd3 Bd6 12. Nd2 O-O 13. Qe2 Qc7 $36 {[%mdl 2048] Black fights for an advantage.} 14. g3 Rae8 15. Re1 (15. Nb3 $11) 15... e5 $17 16. dxe5 $2 {[%mdl 8192]} (16. Nb3 $17) 16... Nxe5 $19 17. Nxe5 Rxe5 18. Qf1 Rxe1 19. Qxe1 {[#]} Re8 $1 {[%cal Re8e1]} 20. Qf1 Bxg3 $2 ({Black should try} 20... Re6 $19 21. f4 Bc5+ 22. Kh1 Qe7) 21. hxg3 $11 {Threatens to win with Qf2.} Qxg3+ 22. Qg2 Qe1+ 23. Nf1 {[#] Bh6! is the strong threat.} Re2 $2 (23... Nh5 $1 $14 24. Qd2 Ng3 25. Qxe1 Rxe1) 24. Qg3 $18 Qxg3+ 25. Nxg3 Re1+ 26. Kf2 Rd1 $2 (26... Re6 {was worth a try.} 27. Be3 a6) 27. Ke2 $2 (27. Nf1 $18 {and the rest is easy.}) 27... Rg1 $16 28. Kf2 $2 (28. Nf5) 28... Rd1 $18 {Now ...d4 and Black clings on.} 29. Nf1 {White is clearly winning.} Ne4+ 30. fxe4 dxe4 31. Ke2 Rd7 32. Be3 f5 33. Rd1 Rc7 (33... Rxd1 $142 34. Kxd1 Kf7 35. Bxa7 g5) 34. Bf4 Re7 35. Ne3 g6 36. Nd5 Rf7 37. Bg5 {Accuracy: White = 53%, Black = 48%.} 1-0

[Event "Stay Safe Play From Home 174"]
[Site "T#646332Emanuel Laske"]
[Date "2020.05.25"]
[Round "7"]
[White "Haris kollari 13"]
[Black "Aktürk"]
[Result "1-0"]
[WhiteElo "1858"]
[BlackElo "1435"]
[Annotator "NA"]
[PlyCount "97"]
[EventDate "2020.05.25"]
[EventType "swiss (blitz)"]

1. e4 {[%emt 0:00:01]} e6 {[%emt 0:00:01]} 2. f4 {[%emt 0:00:01]} Qf6 {[%emt 0:00:01]} 3. d4 {[%emt 0:00:03]} Qg6 {[%emt 0:00:01]} 4. Nc3 {[%emt 0:00:05]} Bb4 {[%emt 0:00:03]} 5. Qf3 {[%emt 0:00:05]} Bxc3+ {[%emt 0:00:02]} 6. bxc3 {[%emt 0:00:01]} Nf6 {[%emt 0:00:06]} 7. Bd3 {[%emt 0:00:01]} Nc6 {[%emt 0:00:06]} 8. e5 {[%emt 0:00:03]} Qg4 {[%emt 0:00:04]} 9. exf6 {[%emt 0:00:02]} Qxf3 {[%emt 0:00:02]} 10. Nxf3 {[%emt 0:00:01]} gxf6 {[%emt 0:00:01]} 11. Be3 {[%emt 0:00:01]} Ne7 {[%emt 0:00:03]} 12. g3 {[%emt 0:00:03]} Nd5 {[%emt 0:00:02]} 13. Bd2 {[%emt 0:00:02]} b6 {[%emt 0:00:02]} 14. Be4 {[%emt 0:00:01]} Bb7 {[%emt 0:00:03]} 15. c4 {[%emt 0:00:01]} f5 {[%emt 0:00:05]} 16. Bd3 {[%emt 0:00:13]} Nf6 {[%emt 0:00:03]} 17. O-O {[%emt 0:00:01]} h5 {[%emt 0:00:08]} 18. Nh4 {[%emt 0:00:07]} O-O-O {[%emt 0:00:10]} 19. Bc3 {[%emt 0:00:04]} Rhg8 {[%emt 0:00:07]} 20. d5 {[%emt 0:00:10]} Ng4 {[%emt 0:00:02]} 21. dxe6 {[%emt 0:00:07]} dxe6 {[%emt 0:00:09]} 22. Rae1 {[%emt 0:00:08]} a5 {[%emt 0:00:08]} 23. h3 {[%emt 0:00:01]} Nh6 {[%emt 0:00:05]} 24. Kh2 {[%emt 0:00:01]} Rd7 {[%emt 0:00:07]} 25. Bf6 {[%emt 0:00:04]} Re8 {[%emt 0:00:08]} 26. Bg5 {[%emt 0:00:12]} Ng8 {[%emt 0:00:05]} 27. Nxf5 {[%emt 0:00:03]} f6 {[%emt 0:00:05]} 28. Bh4 {[%emt 0:00:02]} Bc6 {[%emt 0:00:19]} 29. Ne3 {[%emt 0:00:02]} f5 {[%emt 0:00:02]} 30. Nxf5 {[%emt 0:00:03]} Rxd3 {[%emt 0:00:04]} 31. cxd3 {[%emt 0:00:02]} exf5 {[%emt 0:00:01]} 32. Rxe8+ {[%emt 0:00:02]} Bxe8 {[%emt 0:00:02]} 33. Re1 {[%emt 0:00:00]} Bd7 {[%emt 0:00:04]} 34. Bg5 {[%emt 0:00:01]} Kb7 {[%emt 0:00:02]} 35. Re5 {[%emt 0:00:03]} Kc6 {[%emt 0:00:02]} 36. a3 {[%emt 0:00:01]} Kd6 {[%emt 0:00:04]} 37. d4 {[%emt 0:00:01]} c6 {[%emt 0:00:02]} 38. c5+ {[%emt 0:00:02]} bxc5 {[%emt 0:00:01]} 39. dxc5+ {[%emt 0:00:01]} Kc7 {[%emt 0:00:01]} 40. Kg2 {[%emt 0:00:01]} Kb7 {[%emt 0:00:03]} 41. Kf2 {[%emt 0:00:01]} Ka6 {[%emt 0:00:01]} 42. a4 {[%emt 0:00:01]} Kb7 {[%emt 0:00:06]} 43. Ke3 {[%emt 0:00:01]} Bc8 {[%emt 0:00:02]} 44. Re8 {[%emt 0:00:02]} Kc7 {[%emt 0:00:01]} 45. Rxg8 {[%emt 0:00:01]} Kd7 {[%emt 0:00:01]} 46. Rh8 {[%emt 0:00:05]} Ba6 {[%emt 0:00:00]} 47. Rxh5 {[%emt 0:00:02]} Ke6 {[%emt 0:00:02]} 48. Rh6+ {[%emt 0:00:01]} Kd5 {[%emt 0:00:01]} 49. Be7 {[%emt 0:00:02] Zaman (Lag: Av=0.38s, max=1.1s)} 1-0

[Event "Stay Safe Play From Home 174"]
[Site "T#646332Emanuel Laske"]
[Date "2020.05.25"]
[Round "7"]
[White "Haxhi Baha"]
[Black "Weltszmerc"]
[Result "0-1"]
[WhiteElo "1826"]
[BlackElo "2118"]
[Annotator "TA"]
[PlyCount "120"]
[EventDate "2020.05.25"]
[EventType "swiss (blitz)"]

{[%evp 13,120,14,14,0,-3,-36,18,24,19,7,34,31,35,25,29,27,85,72,79,81,114,120,107,92,96,58,63,67,81,55,60,46,74,40,39,36,41,29,37,40,32,0,0,0,54,20,28,28,65,39,89,82,77,68,93,98,77,24,24,24,25,25,25,25,29,0,0,0,23,23,43,0,11,0,43,43,32,25,253,253,249,244,235,227,359,341,394,184,192,179,174,80,190,180,254,77,60,77,122,107,131,16,40,-179,-179,-154,-147,-405,-300]} 1. e4 Nf6 2. Nc3 d5 3. exd5 Nxd5 4. Qf3 c6 5. Bc4 e6 6. Nge2 Nd7 7. d4 Be7 {[#]} 8. h4 $146 {B02: Alekhine's Defence: Chase Variation and lines with early Nc3.} ({Predecessor:} 8. Nxd5 cxd5 9. Bd3 O-O 10. h4 Nf6 11. Bg5 Bd7 12. O-O-O Bc6 13. Ng3 a6 14. Kb1 Bb5 15. Bxf6 Bxf6 {1-0 (24) Ollenberger,R (2238)-Vonthron,H (2345) Germany 2019}) 8... Nxc3 9. Nxc3 (9. bxc3 {keeps more tension.} O-O 10. Qg3 Kh8 11. Bd3 Nf6 12. Bg5) 9... Nf6 (9... Nb6 $15 10. Qd3 Bxh4) 10. Be3 $11 {The position is equal.} Nd5 11. Nxd5 cxd5 (11... exd5 {looks sharper.} 12. Bd3 Bxh4 13. O-O-O Be6 14. Rde1 Qe7) 12. Bd3 Qb6 13. O-O-O Bd7 14. Qg3 Kf8 (14... Bf6 $11) 15. h5 $16 h6 16. Bf4 Bf6 17. Be5 Bxe5 18. Qxe5 Rc8 19. Rh3 Qc7 20. Qe3 Bb5 21. Rg3 (21. Kb1 {seems wilder.} Bxd3 22. Qxd3 Qf4 23. Qe2 Rc6 24. Ra3) 21... Bxd3 22. Qxd3 a6 23. c3 (23. Qd2 {is interesting.} Kg8 24. Re1 Kh7 25. Rc3 Qh2 26. Qd3+) 23... Qc4 24. Qxc4 Rxc4 $14 {[%mdl 4096] Endgame KRR-KRR} 25. Kd2 Rg8 26. Re1 Ke7 27. Ree3 b5 28. a3 f6 (28... Rcc8 $11) 29. Re1 Kf7 30. Rge3 Re8 31. f4 f5 32. g4 fxg4 33. Rg1 a5 34. Rxg4 b4 35. axb4 ({White should play} 35. Re5 $16) 35... axb4 $11 36. Reg3 bxc3+ 37. bxc3 Rg8 38. Rg6 Ra4 39. Re3 Ra2+ 40. Kd3 Re8 41. Reg3 Rg8 42. Re3 (42. f5 $5) 42... Re8 43. Reg3 Rg8 44. f5 exf5 45. Rf3 Re8 $2 (45... Rd8 $1 $11 {and Black has nothing to worry.}) 46. Rxf5+ $18 {[%mdl 64] [#] Double Attack} Kg8 47. Rxd5 {And now Rd7 would win.} Re7 48. Rd8+ Kh7 (48... Kf7 $142 49. Rg4 Rc7 50. Rf4+ Ke7) 49. d5 Ra5 50. Rc6 (50. Rg4 $142) 50... Re5 51. c4 Rxh5 52. Rcc8 (52. Kd4 $18 {and White stays clearly on top.}) 52... Ra3+ (52... Rh4 $16 {was worth a try.} 53. Rh8+ Kg6) 53. Kd4 Rh4+ (53... Rg5 $142 54. Rh8+ Kg6 55. Rc6+ Kf7 56. Rc7+ Kg6) 54. Kc5 $2 {[#]} (54. Ke5 $18 {and the rest is easy.}) 54... Rc3 $16 55. Kb4 Rc1 56. Rh8+ Kg6 57. d6 (57. Rc6+ $16 Kf5 58. Rf8+ Ke4 59. Kb5) 57... Rd4 $11 58. Rcd8 $2 (58. Rc6 $14 Rcd1 59. Kc5) 58... Rcxc4+ 59. Kb5 Rc1 60. d7 $2 {[%mdl 8192]} (60. Rhe8 $17) 60... Rcd1 {Accuracy: White = 55%, Black = 61%.} 0-1

[Event "Stay Safe Play From Home 174"]
[Site "T#646332Emanuel Laske"]
[Date "2020.05.25"]
[Round "7"]
[White "Tunca"]
[Black "Kongle"]
[Result "0-1"]
[WhiteElo "1783"]
[BlackElo "1867"]
[Annotator "NA"]
[PlyCount "64"]
[EventDate "2020.05.25"]
[EventType "swiss (blitz)"]

1. e4 {[%emt 0:00:02]} e5 {[%emt 0:00:03]} 2. f4 {[%emt 0:00:03]} d5 {[%emt 0:00:04]} 3. exd5 {[%emt 0:00:06]} e4 {[%emt 0:00:02]} 4. Nc3 {[%emt 0:00:06]} Nf6 {[%emt 0:00:05]} 5. d3 {[%emt 0:00:01]} Bb4 {[%emt 0:00:11]} 6. Bd2 {[%emt 0:00:06]} Bxc3 {[%emt 0:00:06]} 7. Bxc3 {[%emt 0:00:02]} Nxd5 {[%emt 0:00:01]} 8. dxe4 {[%emt 0:00:19]} Qh4+ {[%emt 0:00:06]} 9. g3 {[%emt 0:00:01]} Nxc3 {[%emt 0:00:02]} 10. bxc3 {[%emt 0:00:05]} Qf6 {[%emt 0:00:03]} 11. Qd4 {[%emt 0:00:07]} Qg6 {[%emt 0:00:10]} 12. Nf3 {[%emt 0:00:04]} O-O {[%emt 0:00:01]} 13. Ne5 {[%emt 0:00:02]} Qh6 {[%emt 0:00:09]} 14. Bc4 {[%emt 0:00:04]} Be6 {[%emt 0:00:03]} 15. Bxe6 {[%emt 0:00:06]} Qxe6 {[%emt 0:00:02]} 16. Qd5 {[%emt 0:00:04]} Qb6 {[%emt 0:00:06]} 17. Qd4 {[%emt 0:00:07]} c5 {[%emt 0:00:04]} 18. Qd5 {[%emt 0:00:09]} Na6 {[%emt 0:00:08]} 19. Nc4 {[%emt 0:00:13]} Qc7 {[%emt 0:00:10]} 20. O-O {[%emt 0:00:03]} Rad8 {[%emt 0:00:03]} 21. Qe5 {[%emt 0:00:00]} Qc6 {[%emt 0:00:06]} 22. Rad1 {[%emt 0:00:05]} Rxd1 {[%emt 0:00:06]} 23. Rxd1 {[%emt 0:00:00]} Qa4 {[%emt 0:00:01]} 24. Nd6 {[%emt 0:00:16]} Qxc2 {[%emt 0:00:02]} 25. Qd5 {[%emt 0:00:06]} Qxc3 {[%emt 0:00:08]} 26. Qxb7 {[%emt 0:00:13]} Nb4 {[%emt 0:00:05] Tunca reconnected.} 27. Nxf7 {[%emt 0:00:04] Black restart ok. White restart ok.} Qe3+ {[%emt 0:00:05]} 28. Kf1 {[%emt 0:00:00]} Nd3 {[%emt 0:00:01]} 29. Rxd3 {[%emt 0:00:08]} Qxd3+ {[%emt 0:00:02]} 30. Kf2 {[%emt 0:00:07]} Rxf7 {[%emt 0:00:01]} 31. Qc8+ {[%emt 0:00:02]} Rf8 {[%emt 0:00:01]} 32. Qxc5 {[%emt 0:00:01] Tunca resigns (Lag: Av=0.64s, max=1.6s)} Qxe4 {[%emt 0:00:04]} 0-1

[Event "Stay Safe Play From Home 174"]
[Site "T#646332Emanuel Laske"]
[Date "2020.05.25"]
[Round "7"]
[White "matanant"]
[Black "Archi-ak"]
[Result "1-0"]
[WhiteElo "1739"]
[BlackElo "1849"]
[Annotator "NA"]
[PlyCount "113"]
[EventDate "2020.05.25"]
[EventType "swiss (blitz)"]

1. b3 {[%emt 0:00:03]} d5 {[%emt 0:00:02]} 2. Bb2 {[%emt 0:00:00]} c5 {[%emt 0:00:01]} 3. e3 {[%emt 0:00:00]} Nc6 {[%emt 0:00:01]} 4. f4 {[%emt 0:00:01]} Nf6 {[%emt 0:00:02]} 5. Nf3 {[%emt 0:00:00]} e6 {[%emt 0:00:01]} 6. Bb5 {[%emt 0:00:01]} Bd7 {[%emt 0:00:04]} 7. O-O {[%emt 0:00:02]} Bd6 {[%emt 0:00:02]} 8. d3 {[%emt 0:00:06]} a6 {[%emt 0:00:01]} 9. Bxc6 {[%emt 0:00:02]} Bxc6 {[%emt 0:00:00]} 10. Nbd2 {[%emt 0:00:03]} Be7 {[%emt 0:00:02]} 11. Qe2 {[%emt 0:00:02]} Qc7 {[%emt 0:00:01]} 12. g3 {[%emt 0:00:02]} O-O-O {[%emt 0:00:06]} 13. Ne5 {[%emt 0:00:02]} Rdf8 {[%emt 0:00:04]} 14. Nxc6 {[%emt 0:00:03]} Qxc6 {[%emt 0:00:00]} 15. Nf3 {[%emt 0:00:01]} Rhg8 {[%emt 0:00:05]} 16. Rfe1 {[%emt 0:00:02]} Nd7 {[%emt 0:00:01]} 17. e4 {[%emt 0:00:01]} d4 {[%emt 0:00:02]} 18. e5 {[%emt 0:00:02]} h6 {[%emt 0:00:04]} 19. Nd2 {[%emt 0:00:02]} g5 {[%emt 0:00:01]} 20. c3 {[%emt 0:00:01]} gxf4 {[%emt 0:00:02]} 21. Ne4 {[%emt 0:00:05]} fxg3 {[%emt 0:00:03]} 22. hxg3 {[%emt 0:00:01]} Nxe5 {[%emt 0:00:06]} 23. cxd4 {[%emt 0:00:04]} Ng4 {[%emt 0:00:18]} 24. dxc5 {[%emt 0:00:05]} Bxc5+ {[%emt 0:00:24]} 25. d4 {[%emt 0:00:21]} f5 {[%emt 0:00:16]} 26. Nxc5 {[%emt 0:00:12]} Kb8 {[%emt 0:00:04]} 27. Rac1 {[%emt 0:00:10]} Nf6 {[%emt 0:00:18]} 28. Nxe6 {[%emt 0:00:04]} Rxg3+ {[%emt 0:00:10]} 29. Kf1 {[%emt 0:00:18]} Rf3+ {[%emt 0:00:04]} 30. Qf2 {[%emt 0:00:04]} Rxf2+ {[%emt 0:00:02]} 31. Kxf2 {[%emt 0:00:00]} Ng4+ {[%emt 0:00:17]} 32. Kg3 {[%emt 0:00:11]} Qd6+ {[%emt 0:00:02]} 33. Kf3 {[%emt 0:00:08]} Nh2+ {[%emt 0:00:02]} 34. Ke2 {[%emt 0:00:08]} Qxe6+ {[%emt 0:00:01]} 35. Kd1 {[%emt 0:00:03]} Qg6 {[%emt 0:00:03]} 36. Rc2 {[%emt 0:00:03]} Qg4+ {[%emt 0:00:00]} 37. Kc1 {[%emt 0:00:02]} Nf3 {[%emt 0:00:00]} 38. Rd1 {[%emt 0:00:03]} Rc8 {[%emt 0:00:00]} 39. Rxc8+ {[%emt 0:00:03]} Kxc8 {[%emt 0:00:00]} 40. d5 {[%emt 0:00:00]} Qe4 {[%emt 0:00:01]} 41. d6 {[%emt 0:00:02]} Kd7 {[%emt 0:00:01]} 42. Bc3 {[%emt 0:00:02]} Qe3+ {[%emt 0:00:01]} 43. Kc2 {[%emt 0:00:02]} Ne5 {[%emt 0:00:01]} 44. Re1 {[%emt 0:00:03]} Qe4+ {[%emt 0:00:00]} 45. Rxe4 {[%emt 0:00:03]} fxe4 {[%emt 0:00:01]} 46. Bxe5 {[%emt 0:00:00]} h5 {[%emt 0:00:01]} 47. Bf4 {[%emt 0:00:01]} Ke6 {[%emt 0:00:00]} 48. Kd2 {[%emt 0:00:00]} b5 {[%emt 0:00:00]} 49. Ke3 {[%emt 0:00:00]} Kf5 {[%emt 0:00:00]} 50. a3 {[%emt 0:00:00]} Ke6 {[%emt 0:00:01]} 51. a4 {[%emt 0:00:00]} a5 {[%emt 0:00:00]} 52. axb5 {[%emt 0:00:01]} Kd7 {[%emt 0:00:00]} 53. b6 {[%emt 0:00:00]} h4 {[%emt 0:00:00]} 54. b7 {[%emt 0:00:00]} a4 {[%emt 0:00:00]} 55. b8=Q {[%emt 0:00:00]} h3 {[%emt 0:00:00]} 56. Qc7+ {[%emt 0:00:00]} Ke6 {[%emt 0:00:00]} 57. Qe7+ {[%emt 0:00:00] Time (Lag: Av=1.12s, max=5.8s)} 1-0